000 00518nam a22001571i 4500
001 20883
090 _a20883
100 _a20170304u u u0frey50 ba
101 0 _apor
200 1 _fAnne Tyler
_aJantar no restaurante da saudade
215 _a278, [4] p.
_d21 cm
700 1 _aTyler
_bAnne
_4070
702 1 _aFilipe
_bMaria Lucilia Rebocho
_4730
_93869
210 _cCírculo de Leitores
_aLisboa
_dcop. 1982
996 _f0029602
_kTYL
_m00000000
_n00000000
_aBMVAAL
_b3
_vAlcáçovas
_xLiteratura Estrangeira
_y13
_eLivro
_10
_31
990 _cLIVROS